| 000 | 00000nas 2200000za 4500 |
| 001 | 9.811812 |
| 003 | CaOODSP |
| 005 | 20221107141157 |
| 007 | cr ||||||||||| |
| 008 | 160225d19631969oncar p oss f000#a0eng|d |
| 022 | |y0317-9753 |
| 040 | |aCaOODSP|beng |
| 041 | |aeng|afre |
| 043 | |an-cn--- |
| 086 | 1 |aCS81-211-PDF |
| 245 | 00|aSurvey of higher education. |nPart II, |pDegrees, staff and summary |h[electronic resource] / |cDominion Bureau of Statistics, Education Division, Higher Education Section = Relevé de l'enseignement supérieur. Partie II, Grades, personnel et résumé / Bureau fédéral de la statistique, Division de l'éducation, Section de l'enseignement supérieur. |
| 246 | 11|aRelevé de l'enseignement supérieur. |nPartie II, |pGrades, personnel et résumé |
| 260 | |aOttawa : |bDominion Bureau of Statistics = Bureau fédéral de la statistique, |c1964-1970. |
| 310 | |aAnnual |
| 362 | 0 |a1962/63-1968/69. |
| 500 | |aDigitized edition from print [produced by Statistics Canada]. |
| 546 | |aText in English and French. |
| 580 | |aContinues a part of: Survey of higher education. |
| 580 | |aContinued by: Degrees, diplomas and certificates awarded by Canadian degree-granting institutions. |
| 692 | 07|2gccst|aPostsecondary education |
| 710 | 1 |aCanada.|bDominion Bureau of Statistics.|bHigher Education Section. |
| 780 | 00|tSurvey of higher education |w(CaOODSP)9.818252 |
| 785 | 00|tDegrees, diplomas and certificates awarded by Canadian degree-granting institutions |w(CaOODSP)9.862747 |
| 792 | |tSurvey of higher education. |efre|w(CaOODSP)9.811815 |